| 000 | 00813nam a2200193 a 4500 | ||
|---|---|---|---|
| 003 | 0 | ||
| 005 | 20250430114949.0 | ||
| 008 | 050808s19uu xx 00 eng d | ||
| 050 |
_aPHS HF 5549.5.M63 _b.S29 2005 |
||
| 100 | _aSayed, Rosalie Bianca T. | ||
| 245 |
_aThe Motivational factors that affect the level of performance of employees of Citystate Tower Hotel / _cRosalie Bianca T. Sayed. |
||
| 260 |
_aLas PiƱas City, Philippines : _bSouthville International School and Colleges, _c2005. |
||
| 300 |
_a65 pages : _bcolor illustrations ; _c28 cm. |
||
| 504 | _aIncludes bibliographical references. | ||
| 650 |
_2Library of Congress Subject Headings _aEmployee motivation _zPhilippines. |
||
| 650 |
_2Library of Congress Subject Headings _aJob performance _zPhilippines. |
||
| 942 |
_2lcc _cPASS |
||
| 999 |
_c97301 _d97301 |
||